000 00651nam a2200217 u 4500
005 20240912063851.0
008 150507s2010 ug r 000 0 eng d
020 _a9789974679665
035 _aUPN01000203245
049 _aI
050 4 _aPZ73
_bB3.5
100 1 _aBalbín, María Inés
_932921
245 1 0 _aMás allá del sol /
_cMaría Inés Balbín ; il. Bruno Fernández.
260 _aMontevideo :
_bLatinbooks,
_c2010.
300 _a45 p. :
_bil. col.
440 0 _aEcocuentos
650 4 _aCuentos infantiles argentinos
_97466
650 4 _aCAMBIOS CLIMATICOS -
_vLITERATURA INFANTIL
_923344
905 _aInfantil
999 _c175346
_d175346